000 00651nam a2200181Ia 4500
008 151018s9999 xx 000 0 und d
082 _bRBASDV22901
_a891.463
100 _aउषादेवी विजय कोल्हाटकर
245 _aत्रिशंकू
250 _b1
260 _bकल्पना बुक डिलर्स पुणे
_c1990
300 _a141
600 _aउषादेवी विजय कोल्हाटकर
630 _aत्रिशंकू
700 _aउषादेवी विजय कोल्हाटकर
730 _aत्रिशंकू
942 _cBOOK
999 _c1022566
_d1022563